35 Largest Christian Denominations in the U.S. - Statistics

General Stats
  • This quiz has been taken 1,601 times
    1,537 since last reset
  • The average score is 13 of 35
Answer Stats
Hint Answer % Correct
50,873,000 Catholic
99%
33,830,000 Baptist
91%
2,787,000 Mormon
84%
9,580,000 Lutheran
82%
14,150,000 Methodist
77%
3,451,000 Anglican
76%
645,000 Eastern Orthodox
76%
5,596,000 Presbyterian
68%
4,407,000 Pentecostal
48%
1,032,000 Evangelical
45%
1,331,000 Jehovah's Witness
44%
4,647,000 Protestant
43%
724,000 Seventh Day Adventist
42%
217,000 Quaker
40%
2,489,000 Nondenominational
37%
289,000 Dutch Reform
35%
79,000 Christian Reform
33%
346,000 Mennonite
32%
71,000 Independent Christian Church
30%
14,190,000 Christian (no denomination)
28%
2,503,000 Church of Christ
25%
1,378,000 Congregational
24%
194,000 Christian Science
16%
944,000 Church of God
15%
1,106,000 Assemblies of God
14%
254,000 Apostolic
10%
544,000 Church of the Nazarene
10%
492,000 Disciples of Christ
10%
569,000 Holiness
8%
25,000 Salvation Army
8%
358,000 Church of the Brethren
7%
70,000 Foursquare Gospel
7%
61,000 Fundamentalist
7%
56,000 Born Again
5%
168,000 Full Gospel
5%
No matching quizzes found
Score Distribution
Percent of People with Each Score
Percentile by Number Answered
Your Score History
You have not taken this quiz since the last reset